| 000 | 00766nam a22001937a 4500 | ||
|---|---|---|---|
| 999 |
_c61437 _d61437 |
||
| 005 | 20240313151618.0 | ||
| 008 | 240313b xxu||||| |||| 00| 0 geo d | ||
| 020 | _a9952432429 | ||
| 041 | _arus | ||
| 080 | _a94(479.1) : 39.9 (4:5) М-91 | ||
| 100 |
_aМурадалиева, Эльмира _921417 |
||
| 245 |
_aГорода Кавказа на Великом Шелковом пути / _cЭльмира Мурадалиева. |
||
| 264 |
_aБаку : _bКавказ, _c2011. |
||
| 300 |
_a200 с. ; _b22 см. |
||
| 440 |
_a"История Кавказа" _921418 |
||
| 653 | _aკავკასიის ქალაქები აბრეშუმის დიდ გზაზე | ||
| 653 | _aისტორია | ||
| 942 |
_2udc _cᲬᲘᲒᲜᲘ |
||